Biblioteca ESET

El desafío del cangrejo : | avances en el conocimiento, prevención y tratamiento del cáncer / (Registro nro. 157)

Detalles MARC
000 -CABECERA
fixed length control field 00957nam#a2200301#a#4500
003 - CONTROL NUMBER IDENTIFIER
control field AR-BeUNQ
005 - FECHA Y HORA DE LA ULTIMA TRANSACCION
control field 20231004144600.0
008 - ELEMENTOS DE LONGITUD FIJA-INFORMACION GENERAL
fixed length control field 030219s2002 ag 000 0 spa d
020 ## - NUMERO INTERNACIONAL NORMALIZADO PARA LIBROS
Número Internacional Normalizado del libro 9871105177
020 ## - NUMERO INTERNACIONAL NORMALIZADO PARA LIBROS
Número Internacional Normalizado del libro 9871105177
040 ## - FUENTE DE CATALOGACION
Agencia de catalogación original AR-BeUNQ
Idioma de catalogación ESPAÑOL
Convenciones de la descripción aacr
Agencia que realiza la transcripción AR-BeUNQ
099 ## - LOCAL FREE-TEXT CALL NUMBER (OCLC)
Classification number 25-A26
100 1# - ASIENTO PRINCIPAL-NOMBRE PERSONAL
Nombre personal Alonso, Daniel F.,
Fecha asociada al nombre 1966-
245 13 - MENCION DE TITULO
Título El desafío del cangrejo :
Otra información sobre el título avances en el conocimiento, prevención y tratamiento del cáncer /
Mención de responsabilidad, etc Daniel F. Alonso.
250 ## - MENCION DE EDICION
Mención de edición 1a. ed.
260 ## - PUBLICACION, DISTRIBUCION, ETC.
Lugar de publicación, distribución, etc. Bernal :
Nombre del editor, distribuidor, etc. Universidad Nacional de Quilmes,
Fecha de publicación, distribución, etc 2002
300 ## - DESCRIPCION FISICA
Extensión 85 p. ;
Dimensiones 19 cm.
490 0# - MENCION DE SERIE
Mención de serie Ciencia que ladra...
504 ## - NOTA DE BIBLIOGRAFIA, ETC.
Nota de bibliografía, etc. Incluye referencias bibliográficas.
650 #7 - ASIENTO SECUNDARIO DE MATERIA - TERMINO TEMATICO
Término temático o nombre geográfico como elemento de entrada Neoplasmas malignos
Fuente del encabezamiento o términ spines
650 #7 - ASIENTO SECUNDARIO DE MATERIA - TERMINO TEMATICO
Término temático o nombre geográfico como elemento de entrada Divulgación científica
Fuente del encabezamiento o términ spines
650 #7 - ASIENTO SECUNDARIO DE MATERIA - TERMINO TEMATICO
Término temático o nombre geográfico como elemento de entrada Investigación
Fuente del encabezamiento o términ spines
650 #7 - ASIENTO SECUNDARIO DE MATERIA - TERMINO TEMATICO
Término temático o nombre geográfico como elemento de entrada Terapeútica
Fuente del encabezamiento o términ spines
650 #7 - ASIENTO SECUNDARIO DE MATERIA - TERMINO TEMATICO
Término temático o nombre geográfico como elemento de entrada Cáncer
Fuente del encabezamiento o términ toit
650 #7 - ASIENTO SECUNDARIO DE MATERIA - TERMINO TEMATICO
Término temático o nombre geográfico como elemento de entrada Prevención
Fuente del encabezamiento o términ toit
929 ## - DATOS DE ADQUISICION
Procedencia DONACION
Proveedor UNQ
Precio 0
Número de inventario 56573
942 ## - ELEMENTOS DE PUNTO DE ACCESO ADICIONAL (KOHA)
Tipo de ítem Koha Libros
Suppress in OPAC 0
Existencias
Estado de retiro Estado de pérdida Ubicación permanente Ubicación actual Ubicación en estantería Fecha de ingreso Total Checkouts Signatura topográfica completa Inventario Date last seen Número de copia Tipo de ítem Koha Operador
    Biblioteca ESET - UNQ Biblioteca ESET - UNQ SALA 06/03/2018   619.99/ALO 56573 06/03/2018 1 Libros Gladys Alarcon
    Biblioteca ESET - UNQ Biblioteca ESET - UNQ CIRCULACION 02/12/2022   619.99 ALO 59714 04/10/2023 2 Libros Gladys Alarcon

ESET UNQ

☏ 4365-7188
 Avenida República de Francia 1714 entre Doctor Kenny y Concordia, Ezpeleta, Bs As.
✉ secretaria_eset@unq.edu.ar

Con tecnología Koha